[Event "BRA-ch 87th"]
[Site "Cuiaba"]
[Date "2021.11.01"]
[Round "7"]
[White "Nunes, Gustavo Morais"]
[Black "Cavalcante, Rodrigo Moreira"]
[Result "1-0"]
[WhiteElo "1819"]
[BlackElo "1964"]
[PlyCount "43"]
[EventDate "2021.10.28"]
[EventType "swiss"]
[EventRounds "11"]
[EventCountry "BRA"]
[SourceTitle "CBM 205 Extra"]
[Source "ChessBase"]
[SourceDate "2022.01.31"]
[SourceVersion "1"]
[SourceVersionDate "2022.01.31"]
[SourceQuality "1"]

1. d4 d5 2. c4 c6 3. Nf3 Nf6 4. g3 dxc4 5. Bg2 b5 6. Ne5 Bb7 7. 0-0 Qc8 8. a4 e6 9. b3 cxb3 10. Qxb3 a6 11. Ba3 Nbd7 12. Rc1 Nxe5 13. dxe5 Nd5 14. Bxd5 exd5 15. Bxf8 Kxf8 16. Qb4+ Kg8 17. Qe7 h6 18. Nd2 Kh7 19. Nb3 Rb8 20. axb5 axb5 21. Ra7 Qe8 22. Rxb7 1-0

[Event "BRA-ch Amateur U1800"]
[Site "Sao Paulo"]
[Date "2019.06.22"]
[Round "5"]
[White "Lara, Diego Costa"]
[Black "Nunes, Gustavo Morais"]
[Result "0-1"]
[WhiteElo "1729"]
[BlackElo "1798"]
[PlyCount "102"]
[EventDate "2019.06.20"]
[EventType "swiss"]
[EventRounds "7"]
[EventCountry "BRA"]
[SourceTitle "CBM 195 Extra"]
[Source "ChessBase"]
[SourceDate "2020.05.31"]
[SourceVersion "1"]
[SourceVersionDate "2020.05.31"]
[SourceQuality "1"]

1. d4 d5 2. c4 e6 3. cxd5 exd5 4. a3 Bd6 5. Nc3 c6 6. Nf3 h6 7. e3 Bf5 8. Bd3 Bxd3 9. Qxd3 Nf6 10. 0-0 0-0 11. Bd2 Re8 12. Rfc1 a5 13. Rab1 Qe7 14. Nh4 g6 15. g3 Ne4 16. Nxe4 dxe4 17. Qc4 Qe6 18. Qxe6 Rxe6 19. b4 a4 20. Rc3 b5 21. Rbc1 Kf8 22. Be1 Ke7 23. Rd1 Ra6 24. d5 Re5 25. dxc6 Rxc6 26. Ng2 g5 27. Rxc6 Nxc6 28. Rc1 Kd7 29. Bc3 Re6 30. Rd1 Kc7 31. Rd5 Be5 32. Rc5 Bxc3 33. Rxc3 Rd6 34. h4 Rd1+ 35. Kh2 Rd2 36. hxg5 hxg5 37. Rc5 Ra2 38. Rxb5 Rxa3 39. Rxg5 Rb3 40. Rc5 Rxb4 41. Rc2 a3 42. Nf4 Rb2 43. Rxb2 axb2 44. Nd5+ Kd6 45. Nc3 Ke5 46. Kg2 Nb4 47. Kf1 Na2 48. Nb1 Kd5 49. Ke1 Kc4 50. Kd2 Kb3 51. Kd1 Nc3+ 0-1

[Event "BRA-ch Amateur U1800"]
[Site "Sao Paulo"]
[Date "2019.06.22"]
[Round "6"]
[White "Nunes, Gustavo Morais"]
[Black "Canonico, Rodrigo"]
[Result "1-0"]
[WhiteElo "1798"]
[BlackElo "1714"]
[PlyCount "105"]
[EventDate "2019.06.20"]
[EventType "swiss"]
[EventRounds "7"]
[EventCountry "BRA"]
[SourceTitle "CBM 195 Extra"]
[Source "ChessBase"]
[SourceDate "2020.05.31"]
[SourceVersion "1"]
[SourceVersionDate "2020.05.31"]
[SourceQuality "1"]

1. d4 f5 2. g3 Nf6 3. Bg2 g6 4. Nf3 Bg7 5. 0-0 0-0 6. c4 d6 7. Nc3 Nc6 8. d5 Ne5 9. Nxe5 dxe5 10. e4 fxe4 11. Nxe4 Nxe4 12. Bxe4 Bh3 13. Re1 Qd6 14. Qc2 Bf5 15. Bd2 e6 16. dxe6 Qxe6 17. b3 Bxe4 18. Rxe4 Qf5 19. Bb4 Rf7 20. Rae1 h5 21. Qe2 b6 22. Rd1 c5 23. Bc3 Raf8 24. Rf1 Re7 25. f4 Ref7 26. Bxe5 Re8 27. Re1 Rfe7 28. Kg2 Kf7 29. h3 Qd7 30. Qc2 Qc6 31. Kh2 Qd7 32. Bxg7 Kxg7 33. Rxe7+ Rxe7 34. Rd1 Qe8 35. Rd2 Qc6 36. Re2 Rxe2+ 37. Qxe2 Qd6 38. Kg2 Kf7 39. Kf3 Qd7 40. g4 hxg4+ 41. hxg4 Qd6 42. Kg3 Qd4 43. Qe5 Qg1+ 44. Kh4 g5+ 45. Kxg5 Qc1 46. Qc7+ Ke6 47. Qxa7 Qc3 48. Qxb6+ Kd7 49. Qb7+ Ke6 50. Qc6+ Kf7 51. Qd7+ Kf8 52. Kg6 Qc2+ 53. f5 1-0

[Event "Cuiaba Contaud op"]
[Site "Cuiaba"]
[Date "2019.06.01"]
[Round "4"]
[White "Nunes, Gustavo Morais"]
[Black "Labussiere, Yago"]
[Result "0-1"]
[WhiteElo "1798"]
[BlackElo "2082"]
[PlyCount "94"]
[EventDate "2019.05.31"]
[EventType "swiss"]
[EventRounds "6"]
[EventCountry "BRA"]
[SourceTitle "EXT 2020"]
[Source "ChessBase"]
[SourceDate "2019.10.17"]
[SourceVersion "1"]
[SourceVersionDate "2019.10.17"]
[SourceQuality "1"]

1. d4 Nf6 2. c4 g6 3. Nf3 Bg7 4. g3 0-0 5. Bg2 d6 6. 0-0 Nbd7 7. Nc3 e5 8. Qc2 exd4 9. Nxd4 Re8 10. b3 a6 11. Bb2 Rb8 12. Rfd1 Qe7 13. e3 c5 14. Nde2 Nb6 15. h3 Bf5 16. Qd2 Rbd8 17. Nf4 h6 18. Kh2 Qd7 19. Qe2 h5 20. Ncd5 Nbxd5 21. Nxd5 Nxd5 22. Rxd5 Be6 23. Rdd1 b5 24. Bxg7 Kxg7 25. Rd2 bxc4 26. bxc4 Qa4 27. Bd5 Bxd5 28. Rxd5 Re4 29. Rc1 h4 30. g4 Qa3 31. Qc2 Re5 32. Rd3 Qa5 33. Qb2 Kg8 34. Rcd1 Qc7 35. Kg2 Re4 36. Qc3 Qc6 37. Kg1 Re6 38. Rd5 Rb8 39. a3 Rb6 40. Kg2 Re5 41. f4 Rxd5 42. Rxd5 Qa4 43. Kf3 Rb3 44. Qf6 Qxc4 45. Rxd6 Qf1+ 46. Ke4 Qg2+ 47. Ke5 Rxe3# 0-1